01005nam a2200301 a 450000500170000000800410001702000150005810000300007324500810010325000370018430000250022149000150024650000340026153400260029565000360032165000410035765000430039865000430044170000270048494200150051126400280052633600270055433700330058133800280061404000350064208400110067799900150068820220317001316.0161108s2002 sp g 000 0 spa  a84670017631 aYukio, Mishimad1925-197010aConfesiones de una máscaracYukio Mishima ; traducción de Andrés Bosch a1a. ediciónb2a. reimpresión a239 páginasc20 cm aRelecturas aIncluye biografía del autor tConfessions of a mask142LEMBaNovela japonesaySiglo XX142LEMBaLiteratura japonesa ySiglo XX142LEMBaHomosexualidad en la literatura 142LEMBaSadomasoquismo en la literatura 1 aBosch, Andrés911933 2loccBKLIT aBarcelonabEspasac2002 atextobtxt2rdacontent asin mediaciónbn2rdamedia avolumenbnc2rdacarrier aCO-BoRNBPbspaerdacCO-BoRNBP aN YUK3 c6571d6571